000 00679nam a22002057a 4500
005 20180517133549.0
010 _aB-691983
020 _a9788173048531
_c595.00
035 _aB-691983
037 _bRK Books
082 _a940.2
100 _aSinha, Arvind
245 _aEurope in transition /
_cby Arvind Sinha
260 _aNew Delhi
_bManohar
_c2010
270 _a4753/23 Ansari Road ,
_bDaryaganj
_e110002
300 _a782p.
_c22cm(pbk)
500 _aIncludes index
942 _2ddc
_cEN
_mSIN
_h940.2
999 _c152112
_d152112